00654cam a22001931 45000010005000000030008000050050017000130080039000300350018000690350020000870400031001070410008001380820023001461000016001692450139001852600070003243000022003946500044004169341BD-RjUL20211208234748.0140120s1962 bg 000 0 eng a(BD-RjUL)9386 a(OCoLC)14513976 aDLCcBD-RjULdBD-RjULbeng aeng a338.4729bHUC 19621 aHuda, M. N.12aA case study of the leather goods manufacturing industry in East Pakistanc[by] M.N. Huda in collaboration with A. Farouk [and others] a[Dacca]bBureau of Economic Research, University of Dacca,c1962. aii, 75 p.c21 cm. 0aLeather industry and tradezBangladesh.